| Поле | Название | Значение |
| |
Тип записи |
a |
| |
Библиографический уровень |
m |
| 001 |
Контрольный номер |
RU\infra-m\znanium\bibl\2215355 |
| 005 |
Дата корректировки |
20260429142205.1 |
| 008 |
Кодируемые данные |
250718s2025 RU g rus u |
| 020 |
Индекс ISBN |
__ |
| a |
ISBN |
978-5-16-016836-4 |
| 020 |
Индекс ISBN |
__ |
| a |
ISBN |
978-5-16-109449-5 (электр. издание) |
| 040 |
Источник каталогиз. |
__ |
| a |
Служба первич. каталог. |
Общество с ограниченной ответственностью «ЗНАНИУМ» |
| 041 |
Код языка издания |
__ |
| a |
Код языка текста |
rus |
| 044 |
Код страны публикации |
__ |
| a |
Код страны публикации |
RU |
| 080 |
Индекс УДК |
__ |
| a |
Индекс УДК |
371(075.32) |
| 084 |
Индекс другой классификации/Индекс ББК |
__ |
| 2 |
Источник индекса |
rubbk |
| a |
Индекс другой классификации/Индекс ББК |
74.00я733 |
| 084 |
Индекс другой классификации/Индекс ББК |
__ |
| 2 |
Источник индекса |
okso |
| a |
Индекс другой классификации/Индекс ББК |
44.02.01 |
| 084 |
Индекс другой классификации/Индекс ББК |
__ |
| 2 |
Источник индекса |
okso |
| a |
Индекс другой классификации/Индекс ББК |
44.02.02 |
| 084 |
Индекс другой классификации/Индекс ББК |
__ |
| 2 |
Источник индекса |
okso |
| a |
Индекс другой классификации/Индекс ББК |
44.02.03 |
| 084 |
Индекс другой классификации/Индекс ББК |
__ |
| 2 |
Источник индекса |
okso |
| a |
Индекс другой классификации/Индекс ББК |
44.02.04 |
| 084 |
Индекс другой классификации/Индекс ББК |
__ |
| 2 |
Источник индекса |
okso |
| a |
Индекс другой классификации/Индекс ББК |
44.02.05 |
| 084 |
Индекс другой классификации/Индекс ББК |
__ |
| 2 |
Источник индекса |
okso |
| a |
Индекс другой классификации/Индекс ББК |
44.02.06 |
| 084 |
Индекс другой классификации/Индекс ББК |
__ |
| 2 |
Источник индекса |
okso |
| a |
Индекс другой классификации/Индекс ББК |
49.02.01 |
| 084 |
Индекс другой классификации/Индекс ББК |
__ |
| 2 |
Источник индекса |
okso |
| a |
Индекс другой классификации/Индекс ББК |
49.02.02 |
| 084 |
Индекс другой классификации/Индекс ББК |
__ |
| 2 |
Источник индекса |
okso |
| a |
Индекс другой классификации/Индекс ББК |
51.02.01 |
| 084 |
Индекс другой классификации/Индекс ББК |
__ |
| 2 |
Источник индекса |
okso |
| a |
Индекс другой классификации/Индекс ББК |
51.02.03 |
| 084 |
Индекс другой классификации/Индекс ББК |
__ |
| 2 |
Источник индекса |
okso |
| a |
Индекс другой классификации/Индекс ББК |
53.02.01 |
| 084 |
Индекс другой классификации/Индекс ББК |
__ |
| 2 |
Источник индекса |
okso |
| a |
Индекс другой классификации/Индекс ББК |
54.02.06 |
| 100 |
Автор |
__ |
| a |
Автор |
Рындак В.Г. |
| q |
Полное имя |
Рындак Валентина Григорьевна |
| u |
Дополнение |
Оренбургский государственный педагогический университет |
| 245 |
Заглавие |
__ |
| a |
Заглавие |
Педагогика |
| b |
Продолж. заглавия |
Учебник |
| c |
Ответственность |
Оренбургский государственный педагогический университет; Московский педагогический государственный университет; Оренбургский государственный педагогический университет |
| 250 |
Сведения об издании |
__ |
| a |
Основные сведения об издании |
1 |
| 260 |
Выходные данные |
__ |
| a |
Место издания |
Москва |
| b |
Издательство |
ООО "Научно-издательский центр ИНФРА-М" |
| c |
Дата издания |
2026 |
| 300 |
Физическое описание |
__ |
| a |
Объем |
421 с. |
| 440 |
Серия |
__ |
| a |
Серия |
Среднее профессиональное образование |
| 520 |
Аннотация |
__ |
| a |
Аннотация |
Целью учебника является повышение уровня и качества научно-методической подготовки специалистов среднего звена педагогов-практиков внедрение современных технологий образования. Учебник подготовлен в соответствии с требованиями федеральных государственных образовательных стандартов среднего профессионального образования последнего поколения. Для студентов учреждений среднего профессионального образования профессионально-педагогических организаций и системы повышения квалификации работников образования преподавателей педагогических дисциплин. |
| 521 |
Примеч. о цел. назн. |
__ |
| a |
Примеч. о целев. назн. |
Среднее профессиональное образование |
| 650 |
Тематические рубрики |
__ |
| a |
Основная рубрика |
Педагогика. Образование |
| x |
Основная подрубрика |
Общая педагогика |
| 655 |
Указ. предметных рубрик (устаревшее) |
__ |
| a |
Жанр/ форма (устаревшее) |
Учебник |
| 700 |
Другие авторы |
__ |
| a |
Другие авторы |
Аллагулов А.М. |
| q |
Полное имя |
Аллагулов Артур Минехатович |
| u |
Дополнение |
Оренбургский государственный педагогический университет |
| 700 |
Другие авторы |
__ |
| a |
Другие авторы |
Челпаченко Т.В. |
| q |
Полное имя |
Челпаченко Татьяна Викторовна |
| u |
Дополнение |
Оренбургский государственный педагогический университет |
| 700 |
Другие авторы |
__ |
| a |
Другие авторы |
Щуркова Н.Е. |
| q |
Полное имя |
Щуркова Надежда Егоровна |
| u |
Дополнение |
Московский педагогический государственный университет |
| 700 |
Другие авторы |
__ |
| a |
Другие авторы |
Попова В.И. |
| q |
Полное имя |
Попова Валентина Ивановна |
| u |
Дополнение |
Оренбургский государственный педагогический университет |
| 700 |
Другие авторы |
__ |
| a |
Другие авторы |
Гараева Е.А. |
| q |
Полное имя |
Гараева Екатерина Александровна |
| 700 |
Другие авторы |
__ |
| a |
Другие авторы |
Левченко Д.В. |
| q |
Полное имя |
Левченко Дмитрий Валерьевич |
| u |
Дополнение |
Приволжский государственный университет путей сообщенияя, ф-л Представительство в г. Рузаевке |
| 700 |
Другие авторы |
__ |
| a |
Другие авторы |
Мещерякова И.Н. |
| q |
Полное имя |
Мещерякова Ирина Николаевна |
| u |
Дополнение |
Оренбургский государственный педагогический университет |
| 700 |
Другие авторы |
__ |
| a |
Другие авторы |
Михайлова Н.М. |
| q |
Полное имя |
Михайлова Наталья Михайловна |
| u |
Дополнение |
Оренбургский государственный педагогический университет |
| 700 |
Другие авторы |
__ |
| a |
Другие авторы |
Науменко Н.М. |
| q |
Полное имя |
Науменко Наталья Михайловна |
| u |
Дополнение |
Оренбургский государственный педагогический университет |
| 700 |
Другие авторы |
__ |
| a |
Другие авторы |
Пикалов Б.Х. |
| q |
Полное имя |
Пикалов Борис Харитонович |
| u |
Дополнение |
Оренбургский государственный педагогический университет |
| 700 |
Другие авторы |
__ |
| a |
Другие авторы |
Старостина Т.Б. |
| q |
Полное имя |
Старостина Татьяна Борисовна |
| u |
Дополнение |
Оренбургский государственный педагогический университет |
| 700 |
Другие авторы |
__ |
| a |
Другие авторы |
Шаврыгина О.С. |
| q |
Полное имя |
Шаврыгина Ольга Сергеевна |
| u |
Дополнение |
Оренбургский государственный педагогический университет |
| 856 |
Электронный адрес документа |
4_ |
| a |
Имя сервера/домена |
znanium.ru |
| m |
Помощь |
ebs_support@infra-m.ru |
| n |
Местонахождение сервера |
НИЦ ИНФРА-М |
| u |
URL |
https://znanium.ru/catalog/document?id=467412 |
| 856 |
Электронный адрес документа |
48 |
| a |
Имя сервера/домена |
znanium.ru |
| d |
Путь |
/cover/2215 |
| f |
Электронное имя |
2215355.jpg |
| q |
Тип электронного формата |
image/jpeg |
| u |
URL |
https://znanium.ru/cover/2215/2215355.jpg |
| 911 |
|
__ |
| u |
|
0030=https://znanium.ru/catalog/document?id=467412 |
| 911 |
|
__ |
| u |
|
712a=Московский педагогический государственный университет |
| 911 |
|
__ |
| u |
|
712a=Оренбургский государственный педагогический университет |